000 00779nam a2200253Ia 4500
003 OSt
005 20221005092843.0
006 a|||||r|||| 00| 0
007 ta
008 221004b |||||||| |||| 00| 0 eng d
020 _a978312262518 (hbk)
_c1283.18
024 _a101361
037 _b3756, 25/03/2010, Bharat Scientific Syndicate
_cTextual
040 _aCRL
_cCRL
_beng
041 _2eng
_aeng
082 _aO111,3N40,RB, P7
100 _aMcCaig Donald
_9617836
245 0 _aRhett Butler's people
260 _aNew York
_bSt.Martin's Press USA
_c2007
300 _a500p.
_ccm.
650 _aENGLISH LITERATURE
942 _hO111,3N40,RB, P7
_cTEXL
_2cc
999 _c999464
_d999464